=LDR 00000nam 2200000 4500 =001 INLIS000000000015967 =005 20130612111237 =008 ***********************************Ind** =035 ##$$0010-061300000015967 =041 ##$$a Ind =082 ##$$a 332.4 =090 ##$$a 332.4, Nit t =100 ##$$a Nitisemito, Alez S =245 ##$$a Teknik Menepati Janji Keuangan, Drs. C. Alex S. Nitisemito =250 ##$$a seri perusahaan praktis =260 ##$$a 1983 $b Jakarta =300 ##$$a 31 hlm., 21 cm =650 ##$$a Uang =850 ##$$a NBPNMAT